Impuestos sobre el comercio internacional
Salvato in:
| Autori principali: | , , |
|---|---|
| Natura: | Libro |
| Lingua: | spagnolo portoghese |
| Pubblicazione: |
Buenos Aires
Abaco de Rodolfo Depalma
2003
|
| Serie: | Biblioteca de Derecho Tributario
|
| Soggetti: | |
| Tags: |
Aggiungi Tag
Nessun Tag, puoi essere il primo ad aggiungerne!!
|
MARC
| LEADER | 00000nam a2200000 a 4500 | ||
|---|---|---|---|
| 001 | UCL7704 | ||
| 003 | CL-VaPUC | ||
| 008 | 040528e20030000AG |||||||||||||||||spa|d | ||
| 020 | |a 9505692005 | ||
| 041 | 0 | 7 | |a spa |2 CL-VaPUC |
| 041 | 0 | 7 | |a por |2 CL-VaPUC |
| 082 | 0 | 4 | |a 341.752 |b UCK |2 21 |
| 100 | 0 | |a Uckmar, Víctor |e author |9 485567 | |
| 700 | 0 | |a Altamirano, Alejandro C |e author |9 485568 | |
| 700 | 0 | |a Taveiro Torres, Heleno |e author |9 485569 | |
| 245 | 1 | 0 | |a Impuestos sobre el comercio internacional |
| 300 | |a 1112 p | ||
| 942 | |c BK | ||
| 945 | |d 20040528 00:00:00 |a cmena | ||
| 260 | |a Buenos Aires |b Abaco de Rodolfo Depalma |c 2003 | ||
| 650 | 0 | |a Derecho internacional |9 255637 | |
| 650 | 7 | |a COMERCIO INTERNACIONAL |2 CL-VaPUC |9 485570 | |
| 650 | 0 | |a Derecho tributario |9 258895 | |
| 650 | 0 | |a Impuestos |9 255450 | |
| 650 | 0 | |a Tratados internacionales |9 256056 | |
| 650 | 0 | |a Derecho aduanero |9 324531 | |
| 650 | 0 | |a Derecho comparado |9 255664 | |
| 650 | 0 | |a Integración económica |9 255024 | |
| 650 | 0 | |a Arbitraje internacional |9 367460 | |
| 650 | 7 | |a EVASION TRIBUTARIA |2 CL-VaPUC |9 485572 | |
| 583 | |a last modification |c 20040528 00:00:00 |k Rodrigo Vera | ||
| 490 | 0 | |a Biblioteca de Derecho Tributario | |
| 999 | |c 309328 |d 309326 | ||
| 952 | |0 0 |1 0 |4 0 |6 341_752000000000000_UCK_2003 |7 0 |8 A |9 376754 |a BIBGIM |b BIBGIM |d 2019-11-21 |i 4021215 |l 4 |o 341.752 UCK 2003 |p 4021215 |r 2025-01-15 |s 2020-03-05 |w 2019-11-21 |y BK |k COM | ||